| 000 | 01594nam a2200373 a 4500 | ||
|---|---|---|---|
| 001 | 00241 | ||
| 003 | DO-SdBNP | ||
| 005 | 20180309111126.0 | ||
| 007 | 00172 | ||
| 008 | 091118s2008 dr 2008 000 0 spa d | ||
| 020 | _a9789945112016 (v. 2) Guía | ||
| 020 | _a9789945112252 (v. 2) Cuaderno | ||
| 040 |
_aBPMSU _bspa _cBPMSU |
||
| 092 |
_a372.83 _bC238s 2do. 2008 |
||
| 100 | 1 | _aCapellán Almonte, Fanny | |
| 245 | 0 | 0 |
_aSociedad 2 : _bbásica / _cFanny Capellán Almonte ; editora Margarita Castro Catrain |
| 260 |
_aSanto Domingo : _bSantillana, _c2008. |
||
| 300 |
_a2 v. : _bil., mapas., retrs. ; _c28 cm. |
||
| 490 | 1 | _aCoral | |
| 500 | _aLa biblioteca posee guía y el cuaderno | ||
| 505 | 0 |
_gv.2 -- _tUnidad 1-- _tLa familia y la escuela -- _gUnidad 2 -- _tBarrio y comunidad -- _tUnidad 3 -- _tNecesidades y recursos -- _tUnidad 4 -- _tOficios y profesiones -- _tUnidad 5 -- _tLas comunicaciones -- _tUnidad 6 -- _tEl transporte -- _tUnidad 7 -- _tLas normas y las leyes -- _tUnidad 8 -- _tLa República Dominicana . |
|
| 650 | 4 |
_aCIENCIAS SOCIALES _xENSEÑANZA BÁSICA |
|
| 650 | 4 |
_aCIENCIAS SOCIALES _xEDUCACIÓN PRIMARIA |
|
| 650 | 4 |
_aCIENCIAS SOCIALES _xLIBROS DE TEXTOS |
|
| 650 | 4 |
_aCIENCIAS SOCIALES _xESTUDIOS Y EJERCICIOS |
|
| 650 | 4 |
_aEDUCACIÓN PRIMARIA _zREPÚBLICA DOMINICANA |
|
| 700 | 1 | 2 |
_aCastro Catrain, Margarita, _eed. |
| 830 | 0 | _aCoral | |
| 910 | _aValidado. Control de calidad MFF | ||
| 942 |
_2ddc _cBK |
||
| 945 | _aRemanejado para la BNPHU / 2018 VM | ||
| 956 |
_aVMATEO _b10 _c20150615 _lBPMSU _h00151 |
||
| 956 |
_aBTAVÁREZ _b10 _c20160408 _lBPMSU _h00241 |
||
| 999 |
_c9903 _d9903 |
||